00434cam a2200169ua 45000010005000000080039000050400009000440410008000530820010000611000030000712450048001012500012001492600039001613000010002006530029002106530025002399823160907n ii |||gr||||Z||||||asm cMAIN aasm a323.4 aBaishya, Paresh,eAuthor. aTathya jonar odhikar aincBy Paresh Baishya a3rd ed. aGuwahati:bRekha prakashan,c2011. a136p. aCivil & political rights aRight to information